Sports Quiz

Random Sports or MLB Quiz

Big 4 Undefeated Champions Quiz Stats

 Plays Quiz Updated Dec 26, 2018

Challenge
Share
Tweet
Embed
Score 0/11 Timer 04:00
19 Plays Today
Sport Team % Correct
NBAChicago Bulls
89.3%
NFLBaltimore Ravens
82.3%
MLBMiami Marlins
78.9%
NFLNew Orleans Saints
75.9%
MLBArizona Diamondbacks
75.1%
MLBToronto Blue Jays
71.6%
NFLTampa Bay Buccaneers
70.9%
NFLNew York Jets
67.1%
MLBLos Angeles Angels
61.2%
NHLColorado Avalanche
54.6%
NBASacramento Kings/Rochester Royals
39.1%

You're not logged in!

Compare scores with friends on all Sporcle quizzes.
OR
Log In

You Might Also Like...

Show Comments

Extras

Top Quizzes Today


Score Distribution

Your Account Isn't Verified!

In order to create a playlist on Sporcle, you need to verify the email address you used during registration. Go to your Sporcle Settings to finish the process.

Report this User

Report this user for behavior that violates our Community Guidelines.

Details: